000 00876cab a2200277 4500
001 ABS47798
008 090401t1993 xxu||||| |||| 00| 0 eng d
035 _a(Sirsi) u63434
041 _aeng
100 _aRust, M.
245 _aAlternative paints and varnishes
260 _c1993
350 _a0
490 _aCS Monthly
_bthe Building Surveyor
_v2(5) February 1993, 8-9 (2)
520 _aSets out the characteristics of paints and varnishes, covering some of the possible health risks, and suggests some of the alternative products.
650 _aBUILT ENVIRONMENT-BUILDING MATERIALS
650 _aGREEN ISSUES
650 _aHEALTH AND SAFETY
_96244
650 _aHISTORY
650 _aPAINT
650 _aVARNISHES
690 _aBUILT ENVIRONMENT-BUILDING MATERIALS
690 _aENVIRONMENTAL AND LAND CONSULTANCY
942 _n0
948 _c04/03/1997
999 _c39427
_d39427